unpunishable - ethel cain - Statistics

General Stats
  • This quiz has been taken 11 times
  • The average score is 167 of 218
Answer Stats
Answer % Correct
a
100%
and
100%
are
100%
even
100%
i
100%
unpunishable
100%
who
100%
you
100%
babe?"
83%
babe
83%
baby
83%
bad
83%
be
83%
better
83%
dirty
83%
dont
83%
down
83%
for
83%
fuck
83%
fucking
83%
go
83%
good
83%
he
83%
hes
83%
home"
83%
ill
83%
im
83%
in
83%
it
83%
its
83%
know
83%
makes
83%
me
83%
mean
83%
more
83%
my
83%
need
83%
needs
83%
not
83%
of
83%
on
83%
or
83%
say
83%
says
83%
so
83%
the
83%
to
83%
too
83%
used
83%
way"
83%
we
83%
where
83%
yeah
83%
abused
67%
angel
67%
ask
67%
blue
67%
enough
67%
favorite
67%
him
67%
his
67%
"how
67%
how
67%
hurts
67%
if
67%
is
67%
meaner
67%
now
67%
okay
67%
over
67%
"partys
67%
red
67%
right
67%
screaming
67%
slut
67%
that
67%
top
67%
up
67%
want
67%
wants
67%
what
67%
whos
67%
with
67%
"youre
67%
yours
67%
afraid
50%
alone
50%
call
50%
convocation
50%
dark
50%
darker
50%
envy
50%
fruit
50%
giving
50%
light
50%
never
50%
out
50%
sacrificial
50%
show
50%
still
50%
sucking
50%
sweeter
50%
swollen
50%
teeth
50%
drifting
33%
just
33%
lick
33%
nasty
33%
room
33%
sight
33%
bar
17%
faces
0%
numb
0%
No matching quizzes found
Score Distribution
Percent of People with Each Score
Percentile by Number Answered
Your Score History
You have not taken this quiz